000
003060000a22001450004500
003
MACL
040
_a
MACL
090
_c
32871
_d
32869
100
_a
Cesari, Cesile
245
_a
Mastering Psychplogical Tests
260
_b
Infinity Books
350
_a
95
650
_a
Psychology
942
_c
BOOK
_k
150/CES
999
_c
32534
_d
32534